| 000 | 00855cam a22002533a 4500 | ||
|---|---|---|---|
| 001 | 17833 | ||
| 003 | PGUSA | ||
| 005 | 20140828083359.0 | ||
| 008 | 060223s2006||||xxu|||||s|||||000 | eng d | ||
| 040 |
_aPGUSA _beng |
||
| 042 | _adc | ||
| 050 | 4 | _aDA | |
| 100 | 1 |
_aEvelyn, John, _d1620-1706 |
|
| 245 | 1 | 3 |
_aAn Apologie for the Royal Party (1659); and A Panegyric to Charles the Second (1661) _h[electronic resource] / _cJohn Evelyn |
| 260 |
_bProject Gutenberg, _c2006 |
||
| 506 | _aPublic domain in the USA. | ||
| 516 | _aElectronic text | ||
| 653 | _aGreat Britain -- Politics and government -- 1649-1660 -- Pamphlets | ||
| 653 | _aCharles II, King of England, 1630-1685 -- Early works to 1800 | ||
| 700 | 1 |
_aKeynes, Geoffrey, _d1887-1982 |
|
| 830 | 0 |
_aProject Gutenberg _v17833 |
|
| 856 | 4 | 0 | _uhttp://www.gutenberg.org/ebooks/17833 |
| 942 | _cEB | ||
| 999 |
_c247088 _d247088 |
||